[Event "Paris-ch"]
[Site "Paris"]
[Date "1988.??.??"]
[Round "3"]
[White "Apicella, Manuel"]
[Black "Belkhodja, Slim"]
[Result "1-0"]
[WhiteElo "2355"]
[BlackElo "2390"]

1.e4 c5 2.Nf3 e6 3.d4 cxd4 4.Nxd4 Nc6 5.Nc3 d6 6.Be2 Nf6 7.O-O Be7 8.Kh1 O-O
9.f4 a6 10.Bf3 Bd7 11.Be3 Nxd4 12.Bxd4 Bc6 13.a4 Re8 14.e5 dxe5 15.fxe5 Nd5
16.Ne4 Qc7 17.Qe1 Rad8 18.Qf2 Rd7 19.Bh5 Bd8 20.Nd6 Rf8 21.c3 f5 22.b4 g6
23.Be2 Rg7 24.b5 axb5 25.axb5 Bd7 26.c4 Ne7 27.Ra7 Bc8 28.Bf3  1-0

[Event "World op"]
[Site "Philadelphia"]
[Date "1988.??.??"]
[Round "?"]
[White "Stein, Bernd"]
[Black "Van Riemsdijk, Herman C"]
[Result "0-1"]
[WhiteElo "2365"]
[BlackElo "2335"]

1.e4 c5 2.Nf3 e6 3.Nc3 Nc6 4.d4 cxd4 5.Nxd4 Nf6 6.Ndb5 Bb4 7.a3 Bxc3+ 8.Nxc3 d5
9.exd5 exd5 10.Bd3 O-O 11.O-O d4 12.Ne4 Bf5 13.Bg5 Bxe4 14.Bxe4 h6 15.Bh4 g5
16.Bxc6 bxc6 17.Bg3 Qd5 18.f4 Ne4 19.Qh5 Kg7 20.Rad1 c5 21.f5 Rfe8 22.Qf3 Nf6
23.b4 Rac8 24.Rd2 Qxf3 25.gxf3 Nd5 26.bxc5 Ne3 27.Re1 Rxc5 28.Rxd4 Nxf5 29.Rxe8 Nxd4
30.Re7 Rxc2 31.Bf2 Nxf3+ 32.Kg2 Nxh2 33.Kg3 h5 34.Bxa7 h4+ 35.Kh3 Kg6 36.Bb8 Kh5
37.Re5 Nf3  0-1

[Event "World op"]
[Site "Philadelphia"]
[Date "1988.??.??"]
[Round "?"]
[White "Dehmelt, Karl"]
[Black "Stone, Raymond"]
[Result "1-0"]
[WhiteElo "2290"]
[BlackElo "2415"]

1.e4 c5 2.Nf3 e6 3.d4 cxd4 4.Nxd4 Nc6 5.Nc3 Qc7 6.Be2 a6 7.O-O Nf6 8.Kh1 Be7
9.Nxc6 bxc6 10.f4 Bb7 11.e5 Nd5 12.Ne4 f5 13.Nd6+ Bxd6 14.exd6 Qb6 15.c4 Nf6
16.b4 Ne4 17.c5 Qxb4 18.Be3  1-0

[Event "Rubinstein mem"]
[Site "Polanica Zdroj"]
[Date "1988.??.??"]
[Round "8"]
[White "Tseitlin, Mikhail S"]
[Black "Jasnikowski, Zbigniew"]
[Result "1-0"]
[WhiteElo "2455"]
[BlackElo "2425"]

1.e4 c5 2.Nf3 e6 3.d4 cxd4 4.Nxd4 Nc6 5.Nc3 d6 6.Be3 Nf6 7.f4 e5 8.Nde2 Ng4
9.Bg1 exf4 10.Nxf4 Be7 11.Qd2 O-O 12.O-O-O Be6 13.h3 Nge5 14.Kb1 a6 15.Nfd5 Bg5
16.Be3 h6 17.h4 Bxe3 18.Nxe3 Ng4 19.Nxg4 Bxg4 20.Be2 Bxe2 21.Qxe2 Re8 22.g4 Re6
23.g5 Ne7 24.Rhg1 Rc8 25.Qf3 Rc5 26.Qe3 Rce5 27.gxh6 Nf5 28.Qa7 Nxh6 29.Qxb7 Qxh4
30.Qb8+ Kh7 31.Qf8 Rg5 32.Rh1 Qf2 33.Rdf1 Qg2 34.Qxf7 Rf6 35.Qc4 Rh5 36.Rhg1 Rxf1+
37.Qxf1 Qxf1+ 38.Rxf1 g5 39.b4 g4 40.a4 g3 41.Rg1 Rg5 42.b5 axb5 43.axb5 Nf7
44.b6 Ne5 45.b7 Nc6 46.Nd5 Rg7 47.Kc1 Kg8 48.Rxg3 Nb8 49.Nf6+ Kf7 50.Rxg7+ Kxg7
51.Ne8+ Kf7 52.Nxd6+ Ke6 53.Nc4 Kd7 54.Na5 Kc7 55.Kd2 Kb6 56.e5  1-0

[Event "Poznan op"]
[Site "Poznan"]
[Date "1988.??.??"]
[Round "4"]
[White "Flis, Jacek"]
[Black "Krzywicki, Dariusz"]
[Result "1-0"]
[WhiteElo "2335"]
[BlackElo "2290"]

1.e4 c5 2.Nf3 e6 3.d4 cxd4 4.Nxd4 Nc6 5.Nc3 d6 6.Be2 Nf6 7.O-O Be7 8.Kh1 O-O
9.f4 a6 10.Be3 Bd7 11.Qe1 b5 12.a3 Qb8 13.Nb3 Re8 14.Bf3 Qc7 15.Qg3 Rac8
16.Rad1 Red8 17.Qf2 Rb8 18.g4 Bc8 19.g5 Nd7 20.Bg2 Bf8 21.Qh4 g6 22.Nd4 Bb7
23.Nxc6 Bxc6 24.Bd4 e5 25.fxe5 Nxe5 26.Rf2 Bg7 27.Rdf1 Rd7 28.Bxe5 Bxe5 29.Rf3 b4
30.axb4 Rxb4 31.Rh3 h5 32.gxh6 Kh7 33.b3 Qb7 34.Qe1 Bxc3 35.Qxc3 f5 36.Rg3 Bxe4
37.Bxe4 Rxe4 38.Rg2 Rg4 39.h3 Rh4 40.Kh2 Qb5 41.Re1 Rf7 42.Re6 Rxh6 43.Rxd6 Rg7
44.Qd4 Qb8 45.Qe5 Rh4 46.Rgxg6  1-0

[Event "Poznan op"]
[Site "Poznan"]
[Date "1988.??.??"]
[Round "6"]
[White "Latas, Boguslaw"]
[Black "Krzywicki, Dariusz"]
[Result "0-1"]
[WhiteElo "2310"]
[BlackElo "2290"]

1.e4 c5 2.Nf3 e6 3.d4 cxd4 4.Nxd4 Nc6 5.Nc3 d6 6.Be3 Nf6 7.Be2 Be7 8.g4 d5
9.exd5 Nxd5 10.Nxd5 Qxd5 11.Bf3 Qa5+ 12.Qd2 Qxd2+ 13.Kxd2 Ne5 14.Be2 Bd7
15.Rad1 Rc8 16.b3 Bc5 17.f4 Nc6 18.Nb5 Nb4 19.c3 Nd5 20.Bxc5 Rxc5 21.Nd6+ Ke7
22.Nxb7 Rc7 23.Na5 Nxc3 24.Rc1 Rhc8 25.Bf3 Nxa2 26.Rc4 Bb5 27.Rxc7+ Rxc7
28.Ra1 Nb4 29.Nc4 a6 30.Ne3 Nd3 31.f5 Nc5 32.Bd1 Ne4+ 33.Ke1 Rc3 34.Nc4 exf5
35.gxf5 Kf6 36.Ra2 Kxf5 37.Rg2 Bxc4 38.bxc4 g5 39.Bc2 Rxc4 40.Kd1 h6 41.Rf2+ Kg6  0-1

[Event "Bohemians"]
[Site "Prague"]
[Date "1988.??.??"]
[Round "?"]
[White "Damjanovic, Mato"]
[Black "Plachetka, Jan"]
[Result "0-1"]
[WhiteElo "2325"]
[BlackElo "2415"]

1.e4 c5 2.Nf3 e6 3.d4 cxd4 4.Nxd4 Nc6 5.Nc3 a6 6.Be2 Qc7 7.O-O Nf6 8.Kh1 Nxd4
9.Qxd4 Bc5 10.Qd3 O-O 11.Bg5 b5 12.Rad1 Bb7 13.Bxf6 gxf6 14.Qxd7 Rac8 15.Qd3 Rfd8
16.Qh3 b4 17.Qg4+ Kh8 18.Na4 Be7 19.b3 Qxc2 20.Nb6 Rc5 21.Bc4 Rg5 22.Qe2 Qxe2
23.Bxe2 f5 24.Nc4 Bxe4 25.Rxd8+ Bxd8 26.f3 Bd5 27.Rd1 f4 28.Nd6 Kg7 29.Bxa6 Bb6
30.Ne4 Re5 31.Bd3 Be3 32.h3 Bc6 33.Nd6 Ra5 34.Bb1 h5 35.Nc4 Rd5 36.Rxd5 Bxd5
37.Ne5 f5 38.Nd3 Bd2 39.Kg1 Kf6 40.Kf1 e5 41.Ke2 Bc3 42.Bc2 Bc6 43.h4 Bb5
44.Kd1 Ke6 45.Nf2 Bd7 46.Bd3 Kd5 47.Ke2 Bc8 48.Bc4+ Kd4 49.Nh3 Bd7 50.Ba6 Bb2
51.Kd2 Bc6 52.Ke2 Bc1 53.Ng5 e4 54.Bc4 Be3 55.Ne6+ Ke5 56.Nd8 Bd7 57.Nf7+ Kf6
58.Ng5 Bc6 59.Ne6 Bd7 60.Nf8 Bc8 61.Nh7+ Ke5 62.Nf8 Kf6 63.Nh7+ Ke7 64.Ng5 Bb7
65.Nh3 Kf6 66.Bb5 Ke5 67.Ng5 Bc5 68.Bc4 Be7 69.Nf7+ Kd4 70.Ng5 Bxg5 71.hxg5 Ke5
72.Kf2 h4 73.Ke2 Bc6 74.Kf2 Be8 75.Ke1 Bh5 76.Be2 Bf7 77.Bc4 Bg6 78.Kd2 Kd4
79.Be2 Bf7 80.Bf1 Ke5 81.Be2 Bd5 82.Ke1 Bf7 83.Bc4 Bh5 84.Be2 Ke6 85.Bc4+ Ke7
86.Bd5 h3 87.gxh3 Bxf3 88.h4 Bh5 89.Kd2 Kd6 90.Bg8 Bg6 91.a4 bxa3 92.b4 f3  0-1

[Event "Bohemians"]
[Site "Prague"]
[Date "1988.??.??"]
[Round "?"]
[White "Prandstetter, Eduard"]
[Black "Plachetka, Jan"]
[Result "1-0"]
[WhiteElo "2395"]
[BlackElo "2415"]

1.e4 c5 2.Nf3 e6 3.d4 cxd4 4.Nxd4 Nc6 5.Nc3 a6 6.Be2 Qc7 7.f4 d6 8.Be3 Nf6
9.O-O Be7 10.Qe1 O-O 11.Qg3 Bd7 12.Rae1 Nxd4 13.Bxd4 Bc6 14.Kh1 g6 15.f5 e5
16.Be3 b5 17.a3 Kh8 18.Bg5 gxf5 19.Bxf6+ Bxf6 20.Rxf5 Qe7 21.Rh5 Rg8 22.Qh3 Rg7
23.Bg4 Bg5 24.Nd5 Bxd5 25.Bf5 f6 26.exd5 Ra7 27.Be4 Rc7 28.c3 Rc4 29.Qf3 Qf7
30.g3 a5 31.Re2 b4 32.axb4 axb4 33.Bd3 Rc5 34.c4 f5 35.b3 e4 36.Bxe4 fxe4
37.Qxf7 Rxf7 38.Rxg5 Ra5 39.Kg2 Re7 40.h4 Ra3 41.Re3 Ra2+ 42.Kh3 Rc2 43.Rg4 Rc3
44.Rexe4 Rxe4 45.Rxe4 Rxb3 46.Kg4 Kg8 47.Re6 Rc3 48.Rxd6 Rxc4+ 49.Kf5 Rc3
50.Rb6 b3 51.d6 Kf7 52.Rb7+ Ke8 53.g4 Rf3+ 54.Ke6 Re3+ 55.Kf6 Rf3+ 56.Ke6 Re3+
57.Kf5 Rf3+ 58.Ke4 Rg3 59.d7+ Kd8 60.Kf5 Rf3+ 61.Kg5 Rd3 62.Kh5 Ke7 63.g5 Kd8
64.Rb4 Kxd7 65.Kh6 Kc6 66.Kxh7 Rd7+ 67.Kh6 Rb7 68.Rxb7 Kxb7 69.g6 b2 70.g7 b1=Q
71.g8=Q Qe1 72.Qd5+ Ka6 73.h5 Qe3+ 74.Kg6 Qc3 75.Qg5 Qd3+ 76.Qf5 Qg3+ 77.Kf7 Qc7+
78.Kf8 Qc3 79.Kg8 Qc4+ 80.Kg7 Qc7+ 81.Qf7 Qc5 82.h6 Ka5 83.h7 Qg5+ 84.Qg6 Qe7+
85.Kh6 Qf8+ 86.Kg5 Qe7+ 87.Kh5 Qf8 88.Qe6 Qf3+ 89.Kg5 Qg3+ 90.Qg4 Qe3+ 91.Qf4 Qe7+
92.Kg6 Qe8+ 93.Qf7 Qc6+ 94.Qf6  1-0

[Event "Bohemians"]
[Site "Prague"]
[Date "1988.??.??"]
[Round "?"]
[White "Kindermann, Stefan"]
[Black "Plachetka, Jan"]
[Result "1-0"]
[WhiteElo "2500"]
[BlackElo "2415"]

1.e4 c5 2.Nf3 e6 3.d4 cxd4 4.Nxd4 Nc6 5.Nc3 a6 6.g3 d6 7.Bg2 Bd7 8.O-O Nf6
9.a4 Be7 10.Nb3 Na5 11.Nxa5 Qxa5 12.Bf4 Bc6 13.Qd2 Rd8 14.Rfd1 Ng4 15.Qe2 Ne5
16.Bd2 Qc5 17.a5 O-O 18.Be3 Qc4 19.Qe1 Be8 20.f4 Ng4 21.Bb6 d5 22.Bf1 Qc8
23.Qd2 Bc6 24.Qe2 d4 25.Rxd4 Rxd4 26.Bxd4 e5 27.fxe5 Qe6 28.Bh3 h5 29.Bg2 f6
30.exf6 Bxf6 31.Bxf6 Qxf6 32.Qc4+ Kh7 33.Rf1 Qe7 34.Rxf8 Qxf8 35.Qd4 Qe7
36.h3 Ne5 37.Nd5 Qg5 38.Qe3 Qd8 39.b4 h4 40.Qf4 Ng6 41.Qf5 Kh6 42.Bf3 Qg5
43.Qxg5+ Kxg5 44.Kf2 Ne5 45.Be2 Ba4 46.Ne3 Bc6 47.Bd3 Bd7 48.Ng2 Ng6 49.gxh4+ Nxh4
50.Nxh4 Kxh4 51.Bf1 Kg5 52.Ke3  1-0

[Event "Bohemians"]
[Site "Prague"]
[Date "1988.??.??"]
[Round "?"]
[White "Kindermann, Stefan"]
[Black "Pekarek, Ales"]
[Result "1/2-1/2"]
[WhiteElo "2500"]
[BlackElo "2440"]

1.e4 c5 2.Nf3 e6 3.d4 cxd4 4.Nxd4 Nc6 5.Nc3 a6 6.g3 Nge7 7.Nb3 d6 8.a4 Bd7
9.Bg2 Nc8 10.O-O Be7 11.Qe2 O-O 12.Be3 Na5 13.Nxa5 Qxa5 14.Rfd1 Bf6 15.Rd3 Bc6
16.f4 g6 17.Qf2 Bg7 18.g4 f5 19.exf5 gxf5 20.g5 Qc7 21.Rad1 Bxg2 22.Qxg2 d5
23.Ne2 Qxc2 24.Nd4 Qxg2+ 25.Kxg2 Re8 26.Rc1 Nd6 27.Rc7 Nc4 28.Bg1 Rab8 29.b3 Nd6
30.Rdc3 Rbd8 31.Rc2 e5 32.fxe5 Rxe5 33.Nf3 Re4 34.Rd2 Rg4+ 35.Kf1 Ne4 36.Rd3 Nxg5
37.Nxg5 Rxg5 38.Rxb7 d4 39.b4 Rg6 40.b5 axb5 41.Rxb5 f4 42.Rf5 Rg4 43.Bf2 Rc8
44.Rd1 Rc4 45.a5 Ra4 46.h3 Rg6  1/2-1/2

[Event "Bohemians"]
[Site "Prague"]
[Date "1988.??.??"]
[Round "?"]
[White "Kindermann, Stefan"]
[Black "Damjanovic, Mato"]
[Result "1-0"]
[WhiteElo "2500"]
[BlackElo "2325"]

1.e4 c5 2.Nf3 Nc6 3.d4 cxd4 4.Nxd4 e6 5.Nc3 a6 6.g3 d6 7.Bg2 Bd7 8.O-O Be7
9.a4 Nf6 10.Nb3 b6 11.f4 Rb8 12.Qe2 Nb4 13.e5 dxe5 14.fxe5 Nfd5 15.Qg4 g6
16.Bh6 Qc7 17.Qf3 Nxc3 18.bxc3 Bc5+ 19.Nxc5 Qxc5+ 20.Kh1 Nd5 21.c4 Ne7 22.Bg7 Bc6
23.Qxf7+ Kd7 24.Rad1+ Kc7 25.Bxh8  1-0

[Event "ROM-ch"]
[Site "Predeal"]
[Date "1988.??.??"]
[Round "7"]
[White "Pavlov, Mircea"]
[Black "Nicolaide, Valeriu"]
[Result "1-0"]
[WhiteElo "2390"]
[BlackElo "2355"]

1.e4 c5 2.Nf3 Nc6 3.Nc3 e6 4.d4 cxd4 5.Nxd4 Nf6 6.Nxc6 bxc6 7.e5 Nd5 8.Ne4 Qc7
9.f4 f5 10.Nd6+ Bxd6 11.exd6 Qb6 12.Qd2 Nf6 13.Bd3 O-O 14.b3 Qd4 15.c3 Qxd6
16.Bb2 c5 17.O-O-O Bb7 18.c4 Qa6 19.Kb1 Rad8 20.Qe3 Qa5 21.Rhg1 Qc7 22.h3 Be4
23.g4 Qc6 24.Ka1 d5 25.gxf5 d4 26.Qg3 Nh5 27.Bxe4 Qxe4 28.Qh4 Nf6 29.Qg5 Rd7
30.fxe6 Qxe6 31.Qxc5 Rfd8 32.Qe5 Qxe5 33.fxe5 Ne4 34.e6 Rd6 35.e7 Re8 36.Rge1 Nf2
37.Rxd4 Rxd4 38.Bxd4 Nxh3 39.Bxa7 g5 40.Bc5 Kf7 41.Bd6 h5 42.c5 h4 43.Rf1+ Ke6
44.Rf8 Rxe7 45.Rf3 Rh7 46.Rxh3 g4 47.Re3+ Kd5 48.Re5+ Kd4 49.Rg5 g3 50.c6 h3
51.Bxg3 h2 52.Bxh2 Rxh2 53.Rg4+  1-0

[Event "Reggio Emilia8889-B"]
[Site "Reggio Emilia"]
[Date "1988.??.??"]
[Round "3"]
[White "Crisan, Alexandru"]
[Black "Bukal, Vladimir Sr"]
[Result "0-1"]
[WhiteElo "2305"]
[BlackElo "2380"]

1.e4 c5 2.Nf3 e6 3.d4 cxd4 4.Nxd4 Nc6 5.Nc3 a6 6.Bf4 d6 7.Bg3 Nf6 8.Be2 Be7
9.Qd2 O-O 10.O-O-O e5 11.Nb3 Be6 12.Kb1 Rc8 13.f3 Nb8 14.Nd5 Nxd5 15.exd5 Bf5
16.Bd3 Bxd3 17.Qxd3 Nd7 18.Bf2 Qc7 19.Rhe1 Nb6 20.f4 Nxd5 21.fxe5 dxe5 22.c3 Nf4
23.Qf5 Ng6 24.Bg3 Bf6 25.Rd7 Qc6 26.Re2 Rcd8 27.Red2 h6 28.Na5 Rxd7 29.Qxd7 Qe4+
30.Qd3 Qxd3+ 31.Rxd3 b6 32.Nc6 Re8 33.Kc2 Bg5 34.Rd5 e4 35.Nd4 Nf4 36.Rd6 e3
37.h4 Be7 38.Bxf4 Bxd6  0-1

[Event "Reykjavik op"]
[Site "Reykjavik"]
[Date "1988.??.??"]
[Round "?"]
[White "Olafsson, David"]
[Black "Johannesson, Larus"]
[Result "1-0"]
[WhiteElo "2285"]
[BlackElo "2135"]

1.e4 c5 2.Nf3 e6 3.d4 cxd4 4.Nxd4 Nc6 5.Nc3 a6 6.Be2 Qc7 7.O-O Nf6 8.a3 b5
9.Be3 Bb7 10.Re1 d6 11.Qd2 Be7 12.f4 O-O 13.Nb3 d5 14.Bf3 b4 15.axb4 Nxb4
16.e5 Ne4 17.Bxe4 dxe4 18.Qf2 Rac8 19.Rad1 Nd5 20.Nxd5 Bxd5 21.Nd4 f6 22.Qg3 f5
23.Qf2 Kh8 24.b3 Bc5 25.c4 Bxd4 26.Rxd4 Bc6 27.Rd6 Rfe8 28.Red1 Qb7 29.Qa2 Rb8
30.Qd2 h6 31.Qd4 Qc7 32.Qc5 Rbc8 33.Qb6 Qxb6 34.Bxb6 g5 35.Be3 gxf4 36.Bxf4 Kh7
37.Be3 Kg7 38.Ra1 Rf8 39.g3 Bb7 40.Rxe6 Rc6 41.Rxc6  1-0

[Event "URS-ch sf"]
[Site "Riga"]
[Date "1988.??.??"]
[Round "?"]
[White "Semeniuk, Alexander A"]
[Black "Janjgava, Lasha"]
[Result "1/2-1/2"]
[WhiteElo "2355"]
[BlackElo "2470"]

1.e4 c5 2.Nf3 e6 3.d4 cxd4 4.Nxd4 Nc6 5.Nc3 Qc7 6.g3 a6 7.Bg2 d6 8.O-O Bd7
9.b3 Nxd4 10.Qxd4 Be7 11.Bb2 Bf6 12.Qe3 Ne7 13.Nd1 Bxb2 14.Nxb2 O-O 15.Rfd1 Rad8  1/2-1/2

[Event "Saint John op-2"]
[Site "Saint John"]
[Date "1988.??.??"]
[Round "?"]
[White "Lau, Ralf"]
[Black "Andonov, Bogomil"]
[Result "1-0"]
[WhiteElo "2545"]
[BlackElo "2485"]

1.e4 c5 2.Nf3 e6 3.d4 cxd4 4.Nxd4 Nc6 5.Nc3 Qc7 6.f4 d6 7.Be3 Nf6 8.Qf3 Bd7
9.O-O-O Nxd4 10.Bxd4 Bc6 11.g4 e5 12.Be3 exf4 13.Bxf4 a6 14.g5 Nd7 15.Bc4 Nb6
16.Bb3 O-O-O 17.Be3 f6 18.gxf6 gxf6 19.Rhg1 Nd7 20.Nd5 Bxd5 21.Rxd5 Kb8 22.Kb1 Be7
23.Rg7 Ne5 24.Qh5 h6 25.a3 Rde8 26.Ba4 Rc8 27.Bd4 Qc4 28.Bb3 Qf1+ 29.Ka2 Bf8
30.Rg1 Qf4 31.Qe2 Be7 32.Be3 Qh4 33.Rg3 h5 34.Qg2 Ng4 35.Bg1 Rhe8 36.Rh3 Qe1
37.Rhxh5 Ne5 38.Qf2 Qxf2 39.Bxf2 Ng6 40.Bg3 Bf8 41.Bxd6+  1-0

[Event "Saint John op-1"]
[Site "Saint John"]
[Date "1988.??.??"]
[Round "?"]
[White "Shamkovich, Leonid"]
[Black "Zapata, Alonso"]
[Result "1/2-1/2"]
[WhiteElo "2435"]
[BlackElo "2500"]

1.e4 c5 2.Ne2 Nc6 3.d4 cxd4 4.Nxd4 e6 5.Nc3 Qc7 6.g3 d6 7.Bg2 Bd7 8.Ndb5 Qb8
9.Bf4 Ne5 10.Qd4 a6 11.Nxd6+ Bxd6 12.Rd1 b5 13.Bxe5 Bxe5 14.Qxd7+ Kf8 15.Qc6 Qc8
16.Qxc8+ Rxc8 17.Rd3 Bxc3+ 18.Rxc3 Rxc3 19.bxc3 Nf6 20.c4 Ke7 21.cxb5 axb5
22.Kd2 Rd8+ 23.Kc1 Rd4 24.Re1 Ra4 25.Kb2 Rb4+ 26.Kc3 Rc4+ 27.Kb3 Nd7 28.a3 Nc5+
29.Kb2 Rd4 30.Kc1 g5 31.f3 Ra4 32.Re3 Kd6 33.e5+ Kc7 34.Bf1 Kb6 35.Kd2 h6
36.Be2 Rd4+ 37.Ke1 Ka5 38.Rc3 Kb6 39.Re3 Ka5 40.Bd1 Rc4 41.c3 Kb6 42.Bc2 Nd7
43.Kd2 Rc7 44.Kc1 Ra7 45.Kb2 Kc5 46.Bb3 Nb6 47.f4 Nc4+ 48.Bxc4 bxc4 49.fxg5 hxg5
50.h4 gxh4 51.gxh4 Kd5 52.h5 Ra8 53.h6 Rh8 54.Rh3 Kxe5 55.h7 f5 56.Kc2 Kd5
57.Kd2 Kc5 58.Ke3 e5 59.Rh5 Kb5 60.Rxf5 Rxh7 61.Rxe5+ Kc6 62.a4 Rd7  1/2-1/2

[Event "Saint John op-2"]
[Site "Saint John"]
[Date "1988.??.??"]
[Round "?"]
[White "Gallagher, Joseph G"]
[Black "Lau, Ralf"]
[Result "1/2-1/2"]
[WhiteElo "2480"]
[BlackElo "2540"]

1.e4 c5 2.Nf3 e6 3.d4 cxd4 4.Nxd4 Nc6 5.Nc3 Qc7 6.f4 d6 7.Be2 Nf6 8.Be3 Be7
9.O-O O-O 10.Qe1 Bd7 11.Rd1 a6 12.Qg3 Kh8 13.Nf3 b5 14.e5 Ne8 15.exd6 Nxd6
16.f5 Rfc8 17.fxe6 Bxe6 18.Nd5 Bxd5 19.Rxd5 Nc4 20.Qxc7 Rxc7 21.Bxc4 bxc4
22.Rfd1 Kg8 23.Rd7 Rac8 24.b3 cxb3 25.axb3 Kf8 26.Bf4 Rxd7 27.Rxd7 Ke8 28.Rb7 Nd8
29.Rc7  1/2-1/2

[Event "Saint John op-2"]
[Site "Saint John"]
[Date "1988.??.??"]
[Round "?"]
[White "Gruenfeld, Yehuda"]
[Black "Frias, Victor J"]
[Result "0-1"]
[WhiteElo "2550"]
[BlackElo "2485"]

1.e4 c5 2.Nf3 e6 3.d4 cxd4 4.Nxd4 Nc6 5.Nc3 d6 6.Be3 Nf6 7.f4 Bd7 8.Qf3 Nxd4
9.Bxd4 Qa5 10.Bxf6 gxf6 11.Bc4 O-O-O 12.O-O-O f5 13.Qh5 Qc7 14.Be2 Bg7 15.Rd3 fxe4
16.Nxe4 d5 17.Ng5 Qxf4+ 18.Kb1 Be8 19.Rf1 Qe5 20.Rc3+ Kb8 21.Rb3 f6 22.Nf7 Qc7  0-1

[Event "Saint John op-1"]
[Site "Saint John"]
[Date "1988.??.??"]
[Round "?"]
[White "Vidarsson, Jon G"]
[Black "Zapata, Alonso"]
[Result "0-1"]
[WhiteElo "2305"]
[BlackElo "2500"]

1.e4 c5 2.Nf3 e6 3.d4 cxd4 4.Nxd4 Nc6 5.Nc3 a6 6.Be2 Nge7 7.Be3 Nxd4 8.Qxd4 b5
9.O-O Nc6 10.Qd2 Be7 11.f4 Bb7 12.Rad1 Rc8 13.Kh1 Na5 14.Bd4 O-O 15.Qe3 Nc4
16.Qg3 f6 17.b3 Nd6 18.Bd3 b4 19.e5 bxc3 20.exd6 Bxd6 21.Qh3 f5 22.Bc4 Qc7
23.Qg3 Rf7 24.Bxc3 Be4 25.Bb2 Bf8 26.a4 Qc6 27.Rd2 Bb4 28.Re2 Be7 29.Bd3 Bf6
30.Bxf6 Rxf6 31.Bxe4 fxe4 32.c4 d5 33.Rfe1 Rcf8 34.Rf2 d4 35.Rff1 e5 36.f5 Rxf5
37.Rxf5 Rxf5 38.h3 e3 39.Qh4 h6 40.Qg4 Rg5 41.Qf3 Qxf3 42.gxf3 a5 43.c5 Rg6  0-1

[Event "Saint John op-2"]
[Site "Saint John"]
[Date "1988.??.??"]
[Round "?"]
[White "Watson, William N"]
[Black "Semkov, Semko"]
[Result "1-0"]
[WhiteElo "2535"]
[BlackElo "2470"]

1.e4 c5 2.Nf3 Nc6 3.d4 cxd4 4.Nxd4 e6 5.Nc3 Qc7 6.Be2 a6 7.f4 d6 8.Be3 Nf6
9.Qd2 Bd7 10.O-O-O Nxd4 11.Qxd4 Bc6 12.g4 Nd7 13.Kb1 Be7 14.g5 e5 15.Nd5 exd4
16.Nxc7+ Kd8 17.Nxa8 dxe3 18.Bg4 Bxe4 19.Rhe1 f5 20.gxf6 Nxf6 21.Be6 Re8
22.Nb6 e2 23.Rd4 Kc7 24.Bf7 Rf8 25.Nd5+ Bxd5 26.Bxd5 Nxd5 27.Rxe2 Kc6 28.c4 Nxf4
29.Rxe7 Ng6 30.Rxg7 Kc5 31.Rd5+ Kxc4 32.Rxd6  1-0

[Event "Saint John op-2"]
[Site "Saint John"]
[Date "1988.??.??"]
[Round "?"]
[White "Sherzer, Alex"]
[Black "Zapata, Alonso"]
[Result "0-1"]
[WhiteElo "2330"]
[BlackElo "2500"]

1.e4 c5 2.Nf3 e6 3.d4 cxd4 4.Nxd4 Nc6 5.Nc3 Qc7 6.Be2 a6 7.O-O Nf6 8.Be3 Bb4
9.Nxc6 bxc6 10.a3 Be7 11.f4 d6 12.Kh1 a5 13.Qe1 Ba6 14.Bxa6 Rxa6 15.Qg3 O-O
16.f5 Kh8 17.Qh3 e5 18.g4 d5 19.g5 d4 20.gxf6 Bxf6 21.Bd2 dxc3 22.Bxc3 c5
23.Rad1 Rd8 24.Rxd8+ Qxd8 25.Qh5 Qa8 26.Qe2 Rd6 27.Rf3 h6 28.a4 Qe8 29.b3 c4
30.Qxc4 Rc6 31.Qe2 Qc8 32.Qe1 Qb7 33.Rd3 Bg5 34.Rd5 Kh7 35.Qg3 Qc8 36.Rd3 Bf4
37.Qf3 g6 38.fxg6+ Rxg6 39.Qd1 Qc5 40.Qe1 Qc8 41.Qf2 Qc6 42.Qf3 Rg5 43.Rd1 Qg6
44.Rf1 Kg8 45.Bxa5 Bxh2 46.Rf2 Rg3 47.Qxf7+ Qxf7 48.Rxf7 Kxf7 49.Kxh2 Rg4
50.Bc7 Ke6 51.a5 Rxe4 52.a6 Re2+ 53.Kg3 Rxc2 54.a7 Ra2 55.Bb6 Kd5 56.b4 Kc6
57.Be3 Kb5 58.Bc5 Kc6 59.Be3 Ra4 60.Kg4 Rxb4+ 61.Kf5 Ra4 62.Kxe5 h5  0-1

[Event "Saint John op-1"]
[Site "Saint John"]
[Date "1988.??.??"]
[Round "?"]
[White "Borkowski, Franciszek"]
[Black "Zapata, Alonso"]
[Result "0-1"]
[WhiteElo "2415"]
[BlackElo "2500"]

1.e4 c5 2.Nf3 e6 3.d4 cxd4 4.Nxd4 Nc6 5.Nc3 a6 6.Be2 Nge7 7.Be3 Nxd4 8.Qxd4 b5
9.O-O Nc6 10.Qd2 Be7 11.f4 Bb7 12.Rad1 Rc8 13.Qe1 O-O 14.Qf2 Na5 15.Bd4 Qc7
16.Qg3 f6 17.a3 Nc4 18.Bxc4 Qxc4 19.Kh1 a5 20.e5 b4 21.axb4 axb4 22.Na4 Qb5
23.exf6 Bxf6 24.Bc5 Qxa4 25.Bxf8 Rxc2 26.Bd6 Rxg2 27.Qxg2 Bxg2+ 28.Kxg2 Bxb2
29.f5 Qc2+ 30.Kh3 exf5 31.Bf4 Qe2 32.Bg3 g5 33.Rde1 g4+ 34.Kh4 Bf6+ 35.Kh5 Qg2
36.Bh4 Qh3 37.Re8+ Kg7  0-1

[Event "Saint John op-1"]
[Site "Saint John"]
[Date "1988.??.??"]
[Round "?"]
[White "Clemance, Philip A"]
[Black "Stone, Raymond"]
[Result "0-1"]
[WhiteElo "2315"]
[BlackElo "2415"]

1.e4 c5 2.Nf3 e6 3.d4 cxd4 4.Nxd4 Nc6 5.Nc3 Qc7 6.Be2 a6 7.O-O Nf6 8.Kh1 Be7
9.f4 d6 10.a4 O-O 11.Bf3 Rd8 12.Be3 Ne5 13.Qe2 Nxf3 14.Qxf3 b6 15.Rad1 Bb7
16.Rd2 Rdc8 17.f5 e5 18.Nde2 Bc6 19.Ng3 b5 20.Nh5 bxa4 21.Nxf6+ Bxf6 22.g4 Qe7
23.Rg1 h6 24.g5 hxg5 25.Rdg2 Bb7 26.Bxg5 a3 27.Bxf6 Qxf6 28.Rxg7+ Kf8 29.Nd5 Bxd5
30.exd5 axb2 31.Rg8+ Ke7 32.Qb3 Qxf5 33.Qb7+ Qd7 34.Qb4 Qb5 35.Qh4+ Kd7 36.Qf6 Qxd5+
37.R8g2  0-1

[Event "Salamanca"]
[Site "Salamanca"]
[Date "1988.??.??"]
[Round "?"]
[White "Garcia, Gildardo"]
[Black "Sion Castro, Marcelino"]
[Result "1-0"]
[WhiteElo "2430"]
[BlackElo "2330"]

1.e4 c5 2.Nf3 e6 3.d4 cxd4 4.Nxd4 Nc6 5.Nc3 Qc7 6.Be2 a6 7.O-O b5 8.Nxc6 dxc6
9.a4 Rb8 10.f4 Bb7 11.Bd3 b4 12.Nb1 Nf6 13.Qe2 a5 14.Nd2 Be7 15.e5 Nd7 16.Ne4 Nc5
17.f5 Qxe5 18.Bf4 Qd4+ 19.Kh1 Nxd3 20.Bxb8 Nxb2 21.fxe6 O-O 22.exf7+ Kh8
23.Ng5 Bxg5 24.Qe8 Qc5 25.Qxf8+ Qxf8 26.Bd6  1-0

[Event "Salamanca"]
[Site "Salamanca"]
[Date "1988.??.??"]
[Round "8"]
[White "Garcia, Gildardo"]
[Black "Franco Ocampo, Zenon"]
[Result "0-1"]
[WhiteElo "2430"]
[BlackElo "2425"]

1.e4 c5 2.Nf3 Nc6 3.d4 cxd4 4.Nxd4 e6 5.Nc3 Qc7 6.Be3 Nf6 7.Bd3 a6 8.O-O Ne5
9.h3 Bc5 10.Qe2 d6 11.f4 Ng6 12.Nb3 Bxe3+ 13.Qxe3 O-O 14.Rad1 b5 15.a3 Bb7
16.Rf2 Rfd8 17.Rdf1 Rac8 18.f5 exf5 19.Rxf5 Re8 20.Rxf6 gxf6 21.Qh6 Re5 22.Kh1 d5
23.exd5 Bxd5 24.Nd4 Qc5 25.Nxd5 Rxd5 26.Nf5 Qf8 27.Qh5 Kh8 28.Qf3 Re5 29.Qb7 Re6
30.Nh6 Ne5 31.Bf5 Rb8 32.Qc7 Rc6 33.Nxf7+ Kg7 34.Qa7 Nxf7 35.Be4 Rd6 36.Rf3 Rbd8
37.Qf2 Ng5 38.Rg3 Kh8 39.Bd3 Qe7  0-1

[Event "Sarajevo"]
[Site "Sarajevo"]
[Date "1988.??.??"]
[Round "?"]
[White "Klinger, Josef"]
[Black "Ninov, Kiril"]
[Result "0-1"]
[WhiteElo "2505"]
[BlackElo "2495"]

1.e4 c5 2.Nf3 e6 3.d4 cxd4 4.Nxd4 Nc6 5.Nc3 Qc7 6.g3 a6 7.Bg2 Nf6 8.O-O Be7
9.a4 O-O 10.Kh1 Rd8 11.f4 d5 12.e5 Nxd4 13.Qxd4 Nd7 14.Be3 Bc5 15.Qd3 Nxe5
16.fxe5 Bxe3 17.Qxe3 d4 18.Qf4 dxc3 19.b3 Rb8 20.Qh4 Rd7 21.Be4 h6 22.g4 b6
23.Rae1 Bb7 24.g5 Rd4 25.gxh6 Rxe4 26.Rxe4 Qxe5 27.Re1 f5 28.Kg1 Bxe4 29.Rd1 Qf6  0-1

[Event "Sochi"]
[Site "Sochi"]
[Date "1988.??.??"]
[Round "?"]
[White "Dolmatov, Sergey"]
[Black "Damljanovic, Branko"]
[Result "1/2-1/2"]
[WhiteElo "2550"]
[BlackElo "2565"]

1.e4 c5 2.Nf3 Nc6 3.d4 cxd4 4.Nxd4 e6 5.Nc3 Qc7 6.Be2 a6 7.O-O Nf6 8.Be3 Be7
9.f4 d6 10.a4 O-O 11.Qe1 Bd7 12.Qg3 Kh8 13.Kh1 Rae8 14.Rad1 Nb4 15.Rd2 e5
16.fxe5 dxe5 17.Nf5 Bxf5 18.Rxf5 Bc5 19.Bg5 Ng8 20.Rf1 f6 21.Be3 Rd8 22.Rfd1 Rxd2
23.Rxd2 Bxe3 24.Qxe3 Rd8 25.b3 Rxd2 26.Qxd2 Qc5 27.g3 Qd4 28.Bd3 Nxd3 29.Qxd3 Qxd3
30.cxd3 Ne7 31.Kg2 Kg8 32.Kf2 Kf7 33.Ke3  1/2-1/2

[Event "Stara Pazova"]
[Site "Stara Pazova"]
[Date "1988.??.??"]
[Round "5"]
[White "Popovic, Petar"]
[Black "Plachetka, Jan"]
[Result "1/2-1/2"]
[WhiteElo "2530"]
[BlackElo "2400"]

1.e4 c5 2.Nf3 e6 3.d4 cxd4 4.Nxd4 Nc6 5.Nc3 Qc7 6.g3 a6 7.Bg2 d6 8.O-O Be7
9.Re1 Rb8 10.Nxc6 bxc6 11.e5 d5 12.Na4 c5 13.c4 d4 14.b3 h5 15.h4 g6 16.Nb2 Nh6
17.Bxh6 Rxh6 18.Qd2 Rh8 19.Nd3 Kf8 20.Rab1 a5 21.f4  1/2-1/2

[Event "Stara Pazova"]
[Site "Stara Pazova"]
[Date "1988.??.??"]
[Round "8"]
[White "Kosanovic, Goran A"]
[Black "Plachetka, Jan"]
[Result "1-0"]
[WhiteElo "2395"]
[BlackElo "2400"]

1.e4 c5 2.Nf3 e6 3.Nc3 Nc6 4.d4 cxd4 5.Nxd4 Qc7 6.Be2 a6 7.f4 b5 8.Nxc6 Qxc6
9.Bf3 Bb7 10.Be3 Rc8 11.a3 Qc4 12.Be2 Qc7 13.Qd4 Nf6 14.O-O Bc5 15.Qxc5 Qxc5
16.Bxc5 Rxc5 17.e5 Ne4 18.Bf3 d5 19.Bxe4 dxe4 20.Rfd1 g5 21.fxg5 Rxe5 22.Rd6 Ke7
23.Rad1 Bc8 24.h4 e3 25.Ne2 h6 26.gxh6 Rxh6 27.Rc6 Bd7 28.Rc7 Rd5 29.Rxd5 exd5
30.g3 a5 31.Kf1 b4 32.axb4 axb4 33.Rb7 Rc6 34.Nd4 Rc4 35.Nf5+ Ke6 36.Nxe3 Re4
37.Kf2 Bc6 38.Rb6 Kd6 39.h5 Kc5 40.Rb8 Re6 41.g4 Bd7 42.Rb7 Rf6+ 43.Kg3 d4
44.g5 Bc6 45.gxf6 Bxb7 46.Nd1 Be4 47.c3 dxc3 48.bxc3 b3 49.Kf4 Bc2 50.Nb2 Kd5
51.Kg5 Ke5 52.Na4 Be4 53.c4 Bc6 54.Nc5  1-0